[Event "Pamplona 0102"]
[Site "Pamplona"]
[Date "2002.01.04"]
[Round "8"]
[White "Bologan, Viktor"]
[Black "Narciso Dublan, Marc"]
[Result "1-0"]
[WhiteElo "2668"]
[BlackElo "2517"]
[Annotator "Gofshtein,L"]
[PlyCount "159"]
[EventDate "2001.12.27"]
[EventType "tourn"]
[EventRounds "9"]
[EventCountry "ESP"]
[EventCategory "14"]
[SourceTitle "CBM 087"]
[Source "ChessBase"]
[SourceDate "2002.03.21"]
[SourceVersion "1"]
[SourceVersionDate "2002.03.21"]
[SourceQuality "1"]

{[%mdl 36]} 1. e4 d6 2. d4 Nf6 3. Nc3 g6 4. g3 Bg7 5. Bg2 O-O 6. Nge2 c6 7. O-O
e5 8. a4 Na6 9. h3 exd4 (9... Re8 10. Bg5 Qa5 11. d5 cxd5 12. Bxf6 Bxf6 13.
Nxd5 $16 {1-0 Bologan,V-Gurevich,M/Saint Pierre 2000/CBM 80 (62)}) (9... Nb4
10. a5 Re8 11. Be3 exd4 12. Bxd4 Bd7 13. Qd2 c5 14. Be3 Bc6 $132 {1-0 Espig,
L-Jansa,V/BL2-O 1993/GER-chT2 (35)}) 10. Nxd4 Nb4 $5 {Black knight on b4
enjoys his outpost.The knight is ready to support the freeing advance...d5} (
10... Re8 11. Nb3 Be6 12. Nd4 (12. Bf4 Bxb3 13. cxb3 Nc5 14. Re1 Nh5 15. Be3 a5
16. Qc2 {1/2-1/2 Timoshenko,G-Beim,V/Voskresensk 1992/CBM 31 (16)}) 12... Bc4
13. Re1 Qa5 14. Bf4 Rad8 15. g4 Nc5 $132 {1-0 Jeric,S-Navinsek,T/Ljubljana SLO
2001 (31)}) 11. a5 $5 {White tries to push Black's b4-knight back to a6 by
playing Ra4} (11. Be3 Re8 12. Qd2 d5 13. exd5 Nbxd5 14. Nxd5 Nxd5 15. Bh6 Bh8
16. Rad1 Qb6 $11 {1-0 Danek,L-Babula,V/Brno 1991/CBM 24 ext (48)}) (11. Nb3 d5
12. Be3 Re8 13. exd5 Nfxd5 14. Nxd5 Nxd5 15. Bd4 Bxd4 16. Qxd4 Bf5 $11 {
1/2-1/2 Zalkind,K-Resika,N/Budapest 2000/CBM 77 ext (21)}) 11... Re8 $5 (11...
a6 $6 12. Na4 c5 13. Nb6 cxd4 14. Nxa8 $18 {1/2-1/2 Marinkovic,S-Lazic,M/
Herceg Novi YUG 2001/The Week in Chess 343 (29)}) (11... d5 12. exd5 Nfxd5 13.
Nxd5 Nxd5 14. a6 $36) 12. Kh2 $5 (12. f4 a6 (12... d5 $1 13. e5 Nd7 14. Nce2 {
with the idea 14...f6 15.e6 Nf8 16.c3 Na617.f5} Nf8 $1 $132) 13. f5 c5 14. Nde2
Bd7 15. fxg6 hxg6 16. Bg5 Bc6 17. Qd2 Re5 18. h4 Rxg5 19. hxg5 Nh7 $44 {
0-1 Bologan,V-Chernin,A/Bastia FRA 2000/The Week in Chess 314 (71)}) (12. Ra4
$6 c5 $5 (12... Na6 13. Re1 Qe7 14. Re2 Bd7 15. Ra1 Red8 16. Bf4 Nh5 17. Be3 c5
$132 {1/2-1/2 De la Villa Garcia,J-Chernin,A/Pamplona 1991/CBM 28 (26)}) 13.
Ndb5 d5 14. exd5 (14. Nxd5 Nfxd5 15. exd5 Bf5 $36) 14... Bf5 15. Na3 Bd7 $36) (
12. Re1 d5 13. e5 (13. exd5 Rxe1+ 14. Qxe1 c5 $19) 13... Ne4 $1 14. Nxe4 dxe4
15. c3 Nd3 16. Rxe4 Nxc1 17. Qxc1 Rxe5 $11 {1/2-1/2 Hernandez,G-Nogueiras,J/
Cienfuegos 1991/CBM 26 (22)}) 12... Bd7 $5 (12... d5 $6 13. exd5 Nfxd5 14. Nxd5
Nxd5 15. a6 $1 Qb6 16. c3 Rb8 (16... bxa6 17. Nxc6 $1 $16) 17. Qa4 Bxd4 18.
Bxd5 $1 Be5 19. axb7 Bxh3 20. Bxf7+ Kxf7 21. Kxh3 Rxb7 22. Qc4+ Re6 23. f4 Bf6
24. f5 $1 $40 {Ivanchuk-Nikolic 1990}) 13. Bf4 (13. f4 c5 14. Nb3 (14. Ndb5
Nxe4 15. Bxe4 Bxb5 16. Nxb5 Rxe4 17. c3 Qe7 18. cxb4 Re2+ 19. Kg1 Qe4 $40)
14... Bc6 15. Re1 Qc7 16. g4 h6 $132) (13. Nb3 Be6 14. Ra4 c5 $132) 13... d5 (
13... Nh5 14. Be3 $14 (14. Bxd6 Bxh3 15. Nxc6 bxc6 16. Bxb4)) 14. exd5 Nfxd5
15. Nxd5 Nxd5 16. Bxd5 (16. Bc1 Rc8 $132) 16... cxd5 17. Qd2 {[%csl Rd5]} Re4 {
Black has full compensation for the weakness of d5-pawn;} 18. c3 Qc8 19. f3 Re8
20. Rfe1 Qc5 21. Be3 Qd6 22. Kg2 Be5 (22... h5 $5) 23. Qf2 a6 24. Nc2 Qe6 25.
g4 Qd6 26. Bc5 Qc7 27. Bd4 f6 28. Nb4 Bc6 29. Nd3 $14 {White has got some
advantage now;} Re7 30. Bc5 Rf7 31. Bb6 Qb8 32. Bd4 Bd6 33. Re6 Qf8 34. Bc5
Bxc5 35. Nxc5 d4 36. cxd4 Qd8 37. Rae1 Qd5 $2 {This is move serious mistake.
White has clear advantage after this move;} (37... Qxa5 $5 38. Ne4 Raf8 $132)
38. Re7 $16 Rd8 39. Rxf7 Kxf7 40. Re4 $6 (40. Re3 $1 $16) 40... Qd6 $2 {
This move is decisive mistake.Correct 40...Qc4 could give chances for a draw;}
(40... Qc4 $5 41. b3 (41. Qh4 h5 $5 $132) 41... Qc3) 41. Re3 $16 Re8 (41... Kg8
42. b4 $36) 42. Rxe8 Kxe8 43. Ne4 Qd8 (43... Qf4 44. Qg3 Qxg3+ 45. Kxg3 Ke7 46.
h4 Ke6 47. Kf4 $16) (43... Bxe4 44. fxe4 b6 45. axb6 Qxb6 46. h4 $16) 44. Qd2
$18 f5 45. gxf5 gxf5 46. Ng3 Qd5 47. Qf4 {[%csl Rf5][%cal Rg3f5,Rf4f5] White
activates his pieces,attacking f5 weak pawn.} Qxa5 (47... Bd7 48. Qe5+ Qxe5 49.
dxe5 Ke7 50. f4 $18) 48. Nxf5 Qb4 49. Qe5+ Kd7 50. Kg3 $18 {White activates
his king; The dominantion of white pieces gives white easy win.} Qf8 51. h4
Qg8+ 52. Kf4 Qe6 53. Qg7+ Kd8 54. Qxh7 {White captures h-pawn and after that
his passed pawn" h'' is very dangerous for black.} Qb3 55. Qe7+ Kc8 56. Nd6+
Kb8 57. Qd8+ Ka7 58. Nc8+ Kb8 59. Ne7+ Ka7 60. Nxc6+ {White trades light
pieces and gains one more pawn;} bxc6 61. Qc7+ Ka8 62. Qxc6+ Ka7 63. Qc7+ Ka8
64. Qd8+ Ka7 65. Qe7+ Ka8 66. d5 Qxb2 (66... Qxd5 67. Qe4 $18) 67. d6 {The
passed pawn "d" is the most dangerous for black;} Qc1+ 68. Qe3 Qd1 69. Ke5 Qa1+
70. Qd4 {White protects his king and intends to push d-pawn;} Qa3 71. Ke6 Qc1
72. d7 Qh6+ 73. Ke7 Qh7+ 74. Kd8 Qg8+ 75. Kc7 Qb8+ 76. Kc6 Qb5+ 77. Kd6 Qb8+
78. Ke7 Qc7 79. Qd6 Qb7 80. Qc5 1-0

[Event "Bermuda-A"]
[Site "Bermuda"]
[Date "2002.01.23"]
[Round "3"]
[White "Socko, Bartosz"]
[Black "Nakamura, Hikaru"]
[Result "0-1"]
[WhiteElo "2585"]
[BlackElo "2430"]
[Annotator "Gofshtein,L"]
[PlyCount "58"]
[EventDate "2002.01.21"]
[EventType "tourn"]
[EventRounds "9"]
[EventCountry "BER"]
[EventCategory "10"]
[SourceTitle "CBM 088"]
[Source "ChessBase"]
[SourceDate "2002.03.21"]
[SourceVersion "1"]
[SourceVersionDate "2002.03.21"]
[SourceQuality "1"]

1. g3 Nf6 2. Bg2 d6 3. d4 g6 4. e4 Bg7 5. Nc3 c6 {In this order of moves black
are lossed the possibility to press on the center by means of Nb8-c6.} 6. Nge2
O-O 7. O-O e5 8. h3 {Deserves attention 8.a4 preventing eventual b7-b5.} b5 9.
Be3 Nbd7 10. dxe5 {Doesn't give nothing 10.d5 how it will be shown below.} (10.
d5 b4 $5 (10... Qc7 11. a4 $14 {0-1 Genba,V-Dyachkov,S/Moscow 1995/CBM 46 (63)}
Rb8) 11. dxc6 bxc3 12. cxd7 Ba6 $1 $132) 10... dxe5 {[%cal Ye3c5,Yd1d6]} 11.
Qd6 {White try to use the weakness of black squares in the center and on the
Queen's side.} Bb7 12. a4 (12. Rfd1 $5) 12... a6 13. g4 {White try to capture
more space and win the struggle for "d5" square.But on the other side they are
weakening their King's side.More solid line would 13.Rfd1.} Re8 {With idea of
eventual Re6 or Bf8 throwing away white's queen.} 14. g5 Nh5 15. axb5 (15. Rfd1
Nf8 16. Qc5 Qc8 $132) 15... cxb5 $8 (15... axb5 $2 16. Rxa8 Bxa8 17. Rd1 $18)
16. Rfd1 Nf8 17. Qb4 {[%cal Yd1d8,Rc3d5] In the case of exchanging Queens
black solve all their problems.} Qb8 18. Nd5 {[%csl Yb6,Yd5,Ye7][%cal Yd5b6,
Yd5c7,Yd5e7]} Ne6 19. Nb6 {The pressure of white pieces grows.Black forced to
sacrifice pawn for getting the counterplay.} a5 $5 {[%mdl 512]} (19... Ra7 20.
Nd7 $18) 20. Rxa5 {Deserves attention 20.Qb5.} (20. Qxb5 $5 Ba6 21. Qxa5 Bxe2
22. Qxa8 Qxa8 23. Rxa8 Rxa8 24. Re1 Ra2 25. Rxe2 Rxb2 $16) 20... Rxa5 21. Qxa5
Bc6 22. Nd5 Nhf4 23. Nec3 (23. Bxf4 $5 exf4 24. h4 Bxd5 (24... Bxb2 $2 25. c3
$18) 25. Rxd5) 23... Bxd5 24. exd5 (24. Nxd5 Nxg5 $132) 24... Nd4 25. Kf1 $2 {
Weak move giving black the time to capture the initiative.} (25. Bf1 $5 Qc8 26.
Bxf4 exf4 $132) 25... Qc8 $1 $36 26. Ne4 $2 {The move probably made in a
time-trouble.} Qxc2 27. Re1 $4 {[%mdl 8192] Terrible blunder.} (27. Nc3) 27...
Nxg2 $19 28. Bxd4 (28. Kxg2 Qxe4+) 28... Nxe1 29. Qxe1 Qc4+ 0-1

[Event "Metalska Trgovina CC 90"]
[Site "Ljubljana"]
[Date "2002.01.19"]
[Round "1"]
[White "Pavasovic, Dusko"]
[Black "Volokitin, Andrei"]
[Result "1-0"]
[WhiteElo "2547"]
[BlackElo "2586"]
[Annotator "Gofshtein,L"]
[PlyCount "91"]
[EventDate "2002.01.19"]
[EventType "tourn"]
[EventRounds "11"]
[EventCountry "SLO"]
[EventCategory "11"]
[SourceTitle "CBM 088"]
[Source "ChessBase"]
[SourceDate "2002.03.21"]
[SourceVersion "1"]
[SourceVersionDate "2002.03.21"]
[SourceQuality "1"]

1. e4 {[%mdl 4]} g6 2. d4 Bg7 3. Nc3 d6 4. g3 Nf6 5. Bg2 O-O 6. Nge2 e5 7. h3
Nc6 8. Be3 Bd7 9. O-O b5 {[%mdl 512] Black try to disbalance to game leading
to unpredictable complications.} (9... Nh5 10. Qd2 $5 $14 (10. Nd5 Re8 11. dxe5
dxe5 12. g4 Nf6 13. Bg5 Be6 14. Qd2 Bxd5 15. exd5 Nb8 $132 {Marinkovic,
I-Nueesch,G/Biel 1995/CBM 48 ext}) (10. d5 Ne7 11. g4 f5 12. gxh5 f4 13. Bd2 f3
14. Bxf3 Rxf3 15. Ng3 Rf7 $44 {Phillips,R-Fietz,H/Berlin 1994/EXT 97})) (9...
Re8 10. d5 (10. a4 a5 11. Re1 h5 12. Qd2 exd4 13. Nxd4 Ne5 14. b3 Qc8 15. f4
Nc6 16. Kh2 Nxd4 17. Bxd4 Bc6 18. Rad1 Qe6 $132 {Stojanovski,K-Thorsteins,K/
Bela Crkva 1983/EXT 98}) 10... Ne7 (10... Na5 11. Qd3 $16 {Barlov,D-Novak,I/
Prague 1981/EXT 98 (15)}) 11. Qd2 c6 (11... Nh5 12. g4 Nf4 13. Nxf4 exf4 14.
Bxf4 $16 {1/2-1/2 Tsifanskaya,L-Ostrowsky,A/Jerusalem 1996/CBM 55 ext (52)})
12. dxc6 Bxc6 13. Rfd1 Nc8 14. a4 b6 15. Qd3 $16 {Tseshkovsky,V-Marangunic,S/
Bled 1979/MCL (16)}) (9... exd4 10. Nxd4 Nxd4 11. Bxd4 Bc6 12. Qd2 Nd7 13. Bxg7
Kxg7 $14 {1/2-1/2 Tisdall,J-Schussler,H/Espoo 1989/CBM 14 (19)}) (9... Qc8 10.
Kh2 a6 (10... exd4 11. Nxd4 Ne5 12. Qe2 Re8 13. Rad1 $14 {0-1 Chevallier,
D-Bernard,C/Paris 1988/EXT 97 (46)}) 11. d5 Ne7 12. Qd2 Nh5 13. g4 $14 {
1-0 Honfi,K-Poor,I/Kecskemet 1985/EXT 2000 (41)}) 10. Nxb5 Rb8 11. dxe5 $5 $146
{[%mdl 8] An important novelty.Another way-11.Na7 as shown in the game
Khenkin-Kantsler leads to unclear position with chances on both sides.} (11.
Nxa7 Nxd4 (11... Nxa7 12. dxe5 {[%csl Ra7,Rf6]} dxe5 13. Bxa7 Rxb2 14. Bc5 $16)
12. Bxd4 (12. Nxd4 $6 exd4 13. Bxd4 c5 14. e5 $1 {[%cal Ga7c6]} cxd4 15. exf6
Bxf6 $44) 12... exd4 13. Nxd4 {[%cal Ga7c6]} Rxb2 $44 {1/2-1/2 Khenkin,
I-Kantsler,B/Ohrid 2001/CBM 84 (26)}) (11. Na3 exd4 $1 (11... Rxb2 $6 12. d5
$16) 12. Nxd4 Rxb2 13. Nxc6 Bxc6 14. Qd3 Qe8 $132) 11... Nxe5 (11... Rxb5 $6
12. exf6 Bxf6 13. Rb1 Rxb2 14. Rxb2 Bxb2 15. c3 Ne5 16. Qb3 Qb8 17. Rb1 $18)
12. Nbc3 (12. Nxa7 Nc4 $44) (12. Nbd4 Nc4 $44) 12... Rxb2 (12... Nc4 $5 13.
Bxa7 Rxb2 14. Bd4 c5 15. Bxf6 Qxf6 $44) 13. Bxa7 {Black sacrificing pawn
getting some compensation but choosing wrong way.Deserve attention 13...Nc4.}
Qc8 $2 (13... Nc4 $5) (13... Nc6 14. Be3 Nb4 $2 15. Bc1 Rxc2 16. a3 $18) 14.
Bd4 $1 {[%cal Rd4b2] Centralization over all!} Bxh3 15. Nd5 $1 {Severe
panishment for the mistake.} Nxd5 $8 16. Bxb2 Nb6 17. Bxh3 Qxh3 18. Nf4 Qh6 19.
Kg2 $16 {After the number of forced moves white has clear material and
position advantage.} Na4 $2 {Making bishop to stand on the best spot.The
threats of white become more dangerous.} (19... Qg5 $5) 20. Bc1 {[%cal Rc1h6]}
Qg5 (20... Nc6 21. Rb1 Nc3 22. Nd5 $18) (20... g5 21. Rh1 Qf6 22. Nh5 $18) 21.
Ne6 $1 $18 {Another blow deciding the game.} Qf6 22. Nxf8 Nc3 (22... Bxf8 23.
Bf4 $18) 23. Nd7 {Distracting the knight from f3 spot.} Nxd7 24. Qf3 Qd4 25.
Bb2 Qb4 26. Bxc3 Bxc3 27. Rab1 Qa5 28. Qd3 Nc5 29. Rb8+ Kg7 30. Rb5 {
Simplifying the game transfering it to lightly winning ending.} Nxd3 31. Rxa5
Bxa5 32. cxd3 h5 33. a4 c5 34. Rb1 Bb4 {Black trying to problemise white's win
but its too late.} 35. Kf3 {Decisively was 35.d4.} (35. d4 $5 Kf6 36. f4 $18)
35... Kf6 36. Ra1 Ba5 37. Rh1 Ke5 38. Ke3 d5 39. Rb1 Bb4 40. f4+ {After nomber
of limp moves white come to right plan.} Ke6 41. Rf1 Kd6 42. e5+ Ke6 43. Ra1
Ba5 44. Rb1 Bb4 45. d4 $18 {Alas!} Kf5 46. Rxb4 1-0

[Event "ISR-chT"]
[Site "Israel"]
[Date "2004.03.19"]
[Round "6"]
[White "Rozentalis, Eduardas"]
[Black "Gofshtein, Leonid D"]
[Result "1/2-1/2"]
[WhiteElo "2625"]
[BlackElo "2523"]
[Annotator "Gofshtein,L"]
[PlyCount "90"]
[EventDate "2004.01.03"]
[EventType "team"]
[EventRounds "11"]
[EventCountry "ISR"]
[SourceTitle "CBM 100"]
[Source "ChessBase"]
[SourceDate "2004.06.01"]
[SourceVersion "1"]
[SourceVersionDate "2004.06.01"]
[SourceQuality "1"]

1. e4 {[%mdl 4]} c5 2. c3 d6 {A relatively rare move. The more common are 2...
Nf6 and 2...d5} 3. d4 Nf6 4. Bd3 {One of the main ideas of the variation is to
meet 4.dc with 4...Nc6, for example:} (4. dxc5 Nc6 5. cxd6 Nxe4 6. Nd2 Nxd2 7.
Qxd2 e5 $132 {Kuraica -Kozul,2001}) 4... e5 (4... Nc6 5. Nf3 Bg4 (5... e5 {
Quite popular lately. In my opinion Black fixes a bit too early the pawn
structure and although Fedorov has played it before, Black has limited active
possibilities.} {More complicated is} 6. d5)) 5. dxe5 dxe5 6. Nf3 Nc6 {The ruy
lopez structure has occured. White would have to lose another tempi as his
bishop on d3 is placed very unfortunate} 7. Qe2 {Other moves are also possible,
for example:} (7. Na3 Be7 8. Nc4 Qc7 9. Bg5 Be6 10. Ne3 Rd8 11. Bxf6 Bxf6 12.
Qe2 a6 13. Bc4 b5 14. Bxe6 fxe6 15. O-O $14 {0-1 Sorokin,M-Fedorov,A/Calcutta
1999/CBM 69 ext (56)}) 7... Be7 8. O-O O-O 9. Bb5 $146 {Not a fortunate
novelty. Although as the practice shows white doesn't get anything real also
with the usual lines} (9. Rd1 Qc7 10. Nbd2 Rd8 11. Nf1 Be6 12. Ne3 h6 13. Re1
Na5 14. Nf5 Bxf5 15. exf5 Rxd3 16. Qxd3 e4 17. Rxe4 Rd8 18. Qe2 Nxe4 19. Qxe4
Rd1+ $44 {0-1 Pedersen,D-Ribshtein,N/Budapest 1996/CBM 53 ext (54)}) (9. Nbd2
Qc7 (9... h6 $5 10. Re1 Be6 11. Nf1 Re8 12. Ng3 Bf8 13. h3 a6 14. Nh2 g6 $11 {
1/2-1/2 Godena,M-Kunze,M/Lugano 1989/TD (18)}) 10. Re1 h6 11. Nf1 Be6 12. Ng3
Rfd8 13. Nh4 Bf8 $132 {1-0 De Vreugt,D-Fedorov,A/Ohrid 2001/CBM 84/[Rogozenko]
(47)}) 9... Bd7 10. Nbd2 Qc7 11. Re1 (11. a4 a6 12. Bc4 Na5 $132) 11... a6 12.
Ba4 (12. Bc4 b5 13. Bd5 Bd6 $132) 12... b5 {After the opening black doesn't
have any problems} 13. Bc2 Nd8 $5 {[%csl Rf4][%cal Rd8e6,Yc5c4] the knight is
transfered to a better position} 14. Nf1 Ne6 15. Ng5 Rad8 {Centralizing the
rook and looking for a d3 square} 16. Ng3 (16. Nxe6 Bxe6 17. Ne3 c4 $132) 16...
g6 $5 {Restricting the knight, 16...Nf4 was also possible with an active
counterplay} (16... Nf4 $5 17. Bxf4 exf4 18. Nf5 Bxf5 19. exf5 Rfe8 $132) 17.
Nxe6 Bxe6 18. h3 {White waits as he doesn't have any real plan to improve his
position} Nd7 {Black's plan is to conquer the d3 square after c4 and Nd7-c5} (
18... Rd6 $5 19. Rd1 Rxd1+ 20. Bxd1 Rd8 $132) 19. Bh6 Rfe8 20. Qf3 $5 {A
typical ruy lopez move. Sometimes white wants to play Nf5} Bf8 21. Bg5 Be7 {
A silent draw offer that white which is in an agressive mood declines} 22. Be3
Nb6 {[%cal Rb6c4] Planning to activize the knight through c4} 23. b3 {[%csl
Rc4][%cal Rb3c4]} a5 $6 {Too optimistic. It was better to stop the
activization of white's pieces by 23...Qc6} (23... Qc6 $5) 24. Nf5 $5 {[%mdl
64]} Bf8 {It is dangerous to accept the knight sacrifice, white would have a
decisive attack in this case} (24... gxf5 25. exf5 Bd5 26. Qg4+ Kh8 27. f6 Bf8
28. Bxh7 $1 $36 (28. Qf5 e4) 28... Kxh7 29. Qh5+ Kg8 30. Bh6 $1 Qd6 31. Qg5+
Kh8 32. Bg7+ $18) 25. Nh6+ {White has gotten a certain initiative after Nf5}
Kg7 (25... Bxh6 26. Bxh6 Qe7 27. Qg3 f6 28. Be3 $14) 26. Ng4 Bxg4 {Getting rid
of the dangerous knight. After 26...Nd7 27.Red1 white keeps some pressure} (
26... Nd7 27. Bh6+ (27. Red1 $5 $14) 27... Kg8 28. Bg5 Be7 29. Bxe7 Rxe7 30.
Red1 Bxg4 31. Qxg4 Nf6 $11) 27. hxg4 c4 $5 {[%cal Rf8c5] In order to activize
the bishop via 28...Bc5} 28. g3 {White doesn't have anything real also after
28.g5} (28. g5 Bc5 29. a4 Bxe3 30. Qxe3 cxb3 31. Bxb3 bxa4 32. Bxa4 Nxa4 33.
Rxa4 Rd6 $14) 28... Bc5 $5 29. Bc1 {White avoids the exchanges trying to
exploit the pair of bishops advantage} (29. g5 Bxe3 30. Qxe3 Rd6 $11) 29... Qe7
{[%cal Re7g5] Taking control over the h4-d8 diagonal} (29... Re6 30. g5 Red6
$15) 30. Kg2 {[%cal Re1h1] With the idea to bring the rook to the h-file,
harrassing the black king} h6 {Restricting the possibilities of the white
bishop} (30... Rd6 31. g5 f6 32. Qg4 Rf8 33. Re2) 31. Rh1 Rh8 32. Be3 Rc8 {
[%cal Rc8c3] Transfering the rook to the c-file and looking on white c3 pawn} (
32... b4 33. Bxc5 Qxc5 34. cxb4 axb4 35. bxc4 Nxc4 36. Bb3) 33. Rad1 Rc6 {
Simpler is 33...Be3 with counterplay} (33... Bxe3 $5 34. Qxe3 Qc5 35. Qxc5 Rxc5
) 34. Bxc5 Qxc5 35. bxc4 {35.g5 was interesting to check although also there
white doesn't have anything real} (35. g5 $5 h5 36. bxc4 bxc4 37. Rd2 Rf8 $132)
35... Rf6 36. Qe2 Nxc4 (36... bxc4 $5) 37. Rd5 Qc7 $5 {Black sacrifices the
pawn in order to activize his pieces} 38. Bd3 (38. Rxb5 Na3 39. Rb3 Nxc2 40.
Qxc2 Rc6 41. Qd3 a4 42. Ra3 Rc4 $44) 38... Nb6 $5 {Black defends well. 38...
Rc6 was worse} (38... Rc6 $6 39. Rxb5 Na3 40. Rd5 Rxc3 41. Qd2 Nc4 $1 42. Bxc4
Qxc4 43. Rxe5 Rc2 44. Qf4 $16) 39. Rxb5 Na4 $5 {39...Qc3 was also possible} (
39... Qxc3 40. Rxh6 Rxh6 41. g5 Rd6 42. gxh6+ Kxh6 43. Rb3 Qc5 $11) 40. Qe3 (
40. g5 hxg5 41. Rxh8 Kxh8 42. Qd2 Nxc3 $11) 40... Nxc3 41. Rc5 Rc6 42. Rxc6
Qxc6 {The position has simplified, the chances of both sides are pretty equal}
43. Rc1 Rc8 44. Rc2 Qc5 45. Qxc5 Rxc5 $15 {The minimal advantage is already on
black's side but to convert it to a win is very hard, that's why a draw
agreement was signed} 1/2-1/2

[Event "Biel MTO op"]
[Site "Biel"]
[Date "1995.??.??"]
[Round "8"]
[White "Smagin, Sergey"]
[Black "Golubev, Mikhail"]
[Result "1/2-1/2"]
[WhiteElo "2545"]
[BlackElo "2525"]
[Annotator "Golubev,M"]
[PlyCount "107"]
[EventDate "1995.07.??"]
[EventType "swiss"]
[EventRounds "11"]
[EventCountry "SUI"]
[SourceTitle "CBM 048 Extra"]
[Source "ChessBase"]
[SourceDate "1995.11.01"]
[SourceVersion "1"]
[SourceVersionDate "1995.11.01"]
[SourceQuality "1"]

1. e4 d6 2. d4 Nf6 3. Bd3 e5 4. c3 Nc6 5. Nf3 g6 6. O-O Bg7 7. h3 O-O 8. Re1 a6
9. Be3 {N/} (9. Bc2) 9... exd4 (9... d5 $5 10. exd5 Nxd5 (10... Nxd4 $6 11.
Nxe5 Nf5 12. Bc4 $16) (10... Qxd5 11. c4 Qd6 12. c5) (10... exd4 11. dxc6 dxe3
12. Rxe3 bxc6 13. Na3 $14) 11. Nxe5 (11. Bg5 f6) 11... Nxe5 12. dxe5 Bxe5 13.
Bc5 Re8 14. Bc4 c6 $8) 10. cxd4 Nb4 11. Nc3 Nxd3 12. Qxd3 $36 c6 $6 (12... d5
13. e5 $36) 13. Qd2 $1 d5 14. exd5 (14. Bh6 $5) 14... Nxd5 15. Bh6 (15. Bg5 f6
(15... Qa5 $6 16. b4 $1)) 15... Nxc3 16. bxc3 $16 Bxh6 17. Qxh6 f6 18. Re3 b6
19. Rae1 Ra7 20. Nd2 Rg7 21. Qf4 g5 22. Qe4 Qd5 $138 23. Qb1 Qd8 24. Qb4 a5 25.
Qb3+ Kh8 26. Qa3 Rfg8 27. Nc4 g4 28. h4 g3 29. fxg3 c5 30. dxc5 f5 $18 31. Nd6
f4 32. Re8 Qf6 33. Rxc8 (33. Qb3 $18 {Smagin/}) (33. Rxg8+ Rxg8 34. Ne4) 33...
fxg3 34. Rxg8+ Rxg8 35. Qc1 bxc5 36. Qd2 $2 (36. Qd1 $2 Qf2+ 37. Kh1 Qf6) (36.
Rd1 $1 $16) 36... Rf8 37. Ne4 Qxh4 38. Nxg3 Qxg3 39. c4 Qg7 $6 (39... Qf4 $1
$15) 40. Qe3 Rg8 41. Re2 Qd4 42. Qxd4+ cxd4 43. Rd2 $6 (43. Kf2 d3) (43. Re4 $1
$14) 43... Rg4 44. Rd3 Kg7 45. Kf2 Kf6 46. Kf3 h5 47. Ra3 d3 48. Rxa5 Rxc4 49.
Rxh5 Ra4 50. Rd5 Ra3 51. g3 d2+ 52. Ke2 Rxa2 53. Rxd2 Rxd2+ 54. Kxd2 1/2-1/2

[Event "American Continental 1st"]
[Site "Cali"]
[Date "2001.08.20"]
[Round "11"]
[White "Dominguez Perez, Leinier"]
[Black "Gulko, Boris F"]
[Result "1/2-1/2"]
[WhiteElo "2585"]
[BlackElo "2602"]
[Annotator "Gulko,B"]
[PlyCount "44"]
[EventDate "2001.08.09"]
[EventType "swiss"]
[EventRounds "11"]
[EventCountry "COL"]
[SourceTitle "EXT 2003"]
[Source "ChessBase"]
[SourceDate "2002.11.25"]
[SourceVersion "1"]
[SourceVersionDate "2002.11.25"]
[SourceQuality "1"]

1. e4 d6 2. d4 Nf6 3. Nc3 g6 4. Be3 c6 5. Qd2 b5 6. Bd3 Nbd7 7. Nf3 e5 8. O-O
Bb7 9. dxe5 dxe5 10. a4 a6 11. axb5 cxb5 12. Nxb5 axb5 13. Bxb5 Nxe4 14. Qd3 f6
15. Qc4 (15. Rxa8 Bxa8 16. Ra1 Nd6 (16... Bb7 17. Ra7 Nd6 18. Nd2 Qc8 19. Ba4
Bc6 20. Qb3 Be7 21. Bxc6 Qxc6 22. Qe6 Rf8 23. Nc4 Rf7 24. Bc5 Qxc5 25. Ra8+ Nc8
26. Nd6+ $18) 17. Bxd7+ Kxd7 18. Qb3 Be7 (18... Bb7 19. Ne1 Qc7 20. Nd3 $40)
19. Ra7+ Ke8 20. Qa4+ Kf7 21. Qa2+ Kg7 22. Bb6 Qxb6 23. Rxe7+ Kh6 24. Qe6 Bxf3
25. gxf3 Qb4 26. c3 Qf4 27. Qxd6 Qg5+ 28. Kf1 Qc1+ $11) 15... Nd6 16. Qe6+ Be7
17. Rxa8 Bxa8 18. Ba4 Be4 (18... Qc8 19. Nxe5 fxe5 20. Bg5 Qd8 21. Rd1 $18) 19.
c4 Bf5 20. Qd5 Be4 (20... Qc7 21. c5 Nf7 22. Nh4 $36) 21. Qe6 Bf5 22. Qd5 Be4
1/2-1/2